000 00729cab a2200229 4500
001 ABS51627
008 090401t1994 xxu||||| |||| 00| 0 eng d
035 _a(Sirsi) u35961
041 _aeng
100 _aBrown, P.
245 _aModern approaches: the hybrid model
260 _c1994
350 _a0
490 _aIRRV Journal
_vOctober 1994, 236-7(2)
520 _aThe final article of a series, this explains the `real value equated yield hybrid` method of valuation as developed by Professor N. Crosby. Worked examples.
650 _aINFLATION RISK FREE YIELD
650 _aREAL VALUE EQUATED YIELD HYBRID
650 _aVALUATION METHODS
690 _aRATING AND VALUATION
942 _n0
948 _c04/03/1997
999 _c23496
_d23496